Kinh dịch và mật mã di truyền /
Bewaard in:
| Hoofdauteur: | |
|---|---|
| Andere auteurs: | , |
| Formaat: | Boek |
| Taal: | Vietnamese |
| Gepubliceerd in: |
Tp.HCM :
Nxb Tp.HCM,
2000.
|
| Onderwerpen: | |
| Tags: |
Voeg label toe
Geen labels, Wees de eerste die dit record labelt!
|
| Thư viện lưu trữ: | Mạng thư viện Đại học Đà Nẵng |
|---|
| LEADER | 01007cam a2200373 i 4500 | ||
|---|---|---|---|
| 001 | 000044927 | ||
| 003 | 3804 | ||
| 005 | 20041104140439.0 | ||
| 008 | 010309b2000 vm 000 vie | ||
| 020 | |c 23000 | ||
| 022 | |a T | ||
| 040 | |a IRC |c IRC |d IRC | ||
| 041 | 1 | |a vie | |
| 082 | 1 | 4 | |a 576.5 |b SC-M |
| 100 | 1 | |a Schoenberger, Martin. | |
| 245 | 1 | 0 | |a Kinh dịch và mật mã di truyền / |c Martin Schoenberger ; Đỗ Minh Sơn và Đức Minh biên dịch. |
| 260 | |a Tp.HCM : |b Nxb Tp.HCM, |c 2000. | ||
| 300 | |a 257 tr. ; |c 20 cm. | ||
| 630 | 0 | 4 | |a Kinh dịch. |
| 630 | 0 | 4 | |a Mã di truyền. |
| 650 | 0 | 4 | |a Di truyền học. |
| 650 | 0 | 4 | |a Di truyền, kinh dịch và mật mã. |
| 700 | 1 | |a Đỗ Minh Sơn, |e dịch. | |
| 700 | 1 | |a Đức Minh, |e dịch. | |
| OWN | |a DUT | ||
| 999 | |a From the UDN01 | ||
| TYP | |a Monograph | ||
| TYP | |a Printed language | ||
| 980 | |a Mạng thư viện Đại học Đà Nẵng | ||